000
00326nam a2200121Ia 4500
008
220204s9999 xx 000 0 und d
020
_a
8171568890
082
_a
339.52
_b
GUP.2
100
_a
Gupta, K R
245
0
_a
World trade organisation V.2
260
_a
New Delhi
_b
Atlantic Publishers and Distributers
_c
2000
942
_c
BK
999
_c
41930
_d
41930